000
00310 a2200157 4500
001
174078
020
_a
040
_c
Magnum
100
_a
Coelho, Nelly Novaes
240
1
0
_a
O conto de fadas
_l
por
245
1
0
_a
O conto de fadas
362
0
_a
1899
440
1
_a
Ática
697
_a
GERAL
942
_c
BK
999
_c
174078
_d
174078